Normal view MARC view

Entry Personal Name

Number of records used in: 1

001 - CONTROL NUMBER

  • control field: 18090

003 - CONTROL NUMBER IDENTIFIER

  • control field: OSt

005 - DATE AND TIME OF LATEST TRANSACTION

  • control field: 20240626130554.0

008 - FIXED-LENGTH DATA ELEMENTS

  • fixed length control field: 240626|| aca||aabn | a|a d

040 ## - CATALOGING SOURCE

  • Original cataloging agency: OSt
  • Transcribing agency: OSt

100 ## - HEADING--PERSONAL NAME

  • Personal name: Pender, J

670 ## - SOURCE DATA FOUND

  • Source citation: Work cat.: (OSt)8935: Edited by John Pender, Frank Place, and Simeon Ehui. 18086, Strategies for sustainable land management in the East African highlands /, c2006.